States of Mexico By Most Populous City - Statistics

General Stats
  • This quiz has been taken 62 times
  • The average score is 12 of 15
Answer Stats
City State % Correct
Tijuana Baja California
98%
Puebla Puebla
98%
Aguascalientes Aguascalientes
92%
San Luis Potosi San Luis Potosi
90%
(Ciudad) Juarez Chihuahua
88%
Guadalajara Jalisco
88%
Cancun Quintana Roo
88%
Merida Yucatan
85%
Monterrey Nuevo Leon
83%
Ecatepec Mexico
69%
Hermosillo Sonora
69%
Cualiacan Sinaloa
67%
Acapulco Guerrero
65%
Leon Guanajuato
63%
Saltillo Coahuila
56%
No matching quizzes found
Score Distribution
Percent of People with Each Score
Percentile by Number Answered
Your Score History
You have not taken this quiz